ՀՀ Գիտությունների ազգային ակադեմիայի հիմնարար գիտական գրադարան  =   Fundamental Scientific Library of NAS RA

Сицилианская защита : (Record no. 182406)

MARC details
000 -LEADER
fixed length control field 00938nam a2200229 u 4500
001 - CONTROL NUMBER
control field 000494675
003 - CONTROL NUMBER IDENTIFIER
control field AM-YeHGA
005 - DATE AND TIME OF LATEST TRANSACTION
control field 20250618072636.0
008 - FIXED-LENGTH DATA ELEMENTS--GENERAL INFORMATION
fixed length control field 060706s1977 ||| r 000 0 rus d
040 ## - CATALOGING SOURCE
Original cataloging agency AM-YeHGA
041 1# - LANGUAGE CODE
Language code of text/sound track or separate title rus
Language code of original arm
090 ## - LOCALLY ASSIGNED LC-TYPE CALL NUMBER (OCLC); LOCAL CALL NUMBER (RLIN)
-- 183859
100 1# - MAIN ENTRY--PERSONAL NAME
Personal name Սիմոնյան, Կարեն Արամի,
Dates associated with a name 1936-2018
9 (RLIN) 8967
245 10 - TITLE STATEMENT
Title Сицилианская защита :
Remainder of title Роман : Перевод с армянского /
Statement of responsibility, etc. К.А. Симонян; Перев. Р. Кафриэлянц; Рис. Г.А. Карапетяна.
260 ## - PUBLICATION, DISTRIBUTION, ETC.
Place of publication, distribution, etc. Москва :
Name of publisher, distributor, etc. Советский писатель,
Date of publication, distribution, etc. 1977.
300 ## - PHYSICAL DESCRIPTION
Extent 256 стр. :
Other physical details портр., илл. ;
Dimensions 17 см.
650 14 - SUBJECT ADDED ENTRY--TOPICAL TERM
Topical term or geographic name entry element Армянская литература
General subdivision Роман
653 0# - INDEX TERM--UNCONTROLLED
Uncontrolled term Фантастика
700 1# - ADDED ENTRY--PERSONAL NAME
Personal name Кафриелянц, Регина
Relator term перев.
Relationship trl
700 1# - ADDED ENTRY--PERSONAL NAME
Personal name Карапетян, Г.А.
Relator term худож.
Relationship art
942 ## - ADDED ENTRY ELEMENTS (KOHA)
Source of classification or shelving scheme Universal Decimal Classification
Koha item type Գրքեր / Books
Holdings
Withdrawn status Lost status Damaged status Not for loan Collection Home library Current library Date acquired Total checkouts Full call number Barcode Date last seen Price effective from Koha item type Public note
        General Fundamental Scientific Library Fundamental Scientific Library 28/12/2016   891.981 110042137 28/12/2016 28/12/2016 Գրքեր / Books 30 Days Loan
        General Fundamental Scientific Library Fundamental Scientific Library 28/12/2016   891.981 110042403 28/12/2016 28/12/2016 Գրքեր / Books 30 Days Loan


ՀՀ ԳԱԱ հիմնարար գիտական գրադարան
ՀՀ,Երևան 0019
Մարշալ Բաղրամյան 24/6
հեռախոս:(374-10) 52-47-50
Հետադարձ կապ

All site content, except where otherwise noted, is licensed under a
Creative Commons License